000 01159nam0a22002771 4500
001 rc\844284
005 20260406063856.0
035 _a(NLR Aleph) 006025390
090 _a7472200
_c7472200
100 _a20041129d1983 |||y0rusy50 ca
101 0 _arus
102 _aRU
105 _aa |||||||||
200 1 _aМетоды дискретного анализа в оптимизации управляющих систем
_e[Сб. статей
_fОтв. ред. к. ф.-м. н. Ю.Л. Васильев]
210 _aНовосибирск
_cИн-т математики
_d1983
215 _a102 с.
_cил.
_d20
225 1 _aСборник научных трудов
_fАН СССР. Сиб. отд-ние, Ин-т математики
_vВып. 40
300 _aНа обл. только загл. сер.
320 _aБиблиогр. в конце статей
702 1 _4340
_7ca
_8rus
_aВасильев
_bЮ. Л.
_cканд. физ.-мат. наук
_gЮрий Леонидович
_9123483
_3RU\NLR\AUTH\7713801
801 0 _aRU
_bNLR
_gpsbo
801 1 _aRU
_bELAR
_2rusmarc
852 _aNLR
_jП7/348
942 _cBOOK
980 _aNB